01278nam a2200337 a 4500003000900000005001700009008004100026020001800067040001300085100003600098245007900134250001200213260007200225300002400297490010800321500006700429500005800496500007400554650003100628650003200659650002700691650004100718650003500759650003100794650001000825650002300835651001300858653002500871653002500896700001900921AR-BaBNM20251128210256.0082120s2002 ||||||||||||||000 | spa|| a84-277-0991-9 cAR-BaBNM1 aCallejo de la Vega, María Luz00aPlanos y mapasbactividades interdisciplinares para representar el espacio a1ª ed. aMadridbNarceabEspaña. Ministerio de Educación y Cienciac1992 a173 p.bil., tablas 0aMateriales 12-16 para educación secundaria. Geografía, historia y ciencias sociales - Matemáticas aContiene 3 fascículos: 1: guía para el profesorado p. 7-31 a2: evaluación inicial- evaluación global p. 35-70 a3: orientaciones didácticas y materiales para el alumnado p. 75-174 4aENSEÑANZA DE LA HISTORIA 4aENSEÑANZA DE LA GEOGRAFIA 4aMETODOS DE ENSEÑANZA 4aENSEÑANZA DE LAS CIENCIAS SOCIALES 4aENSEÑANZA DE LAS MATEMATICAS 4aENFOQUE INTERDISCIPLINARIO 4aMAPAS 4aMATERIAL DIDACTICO 4aEspaña aEDUCACION SECUNDARIA aINTEGRACION DE AREAS1 aLlopis, Carmen